| 000 | 01143nam a2200229Ia 4500 | ||
|---|---|---|---|
| 003 | Ost | ||
| 005 | 20260507075040.0 | ||
| 008 | 260507s9999||||xx |||||||||||||| ||und|| | ||
| 040 | _cfsecg | ||
| 041 | _aara | ||
| 082 | _a300 | ||
| 100 |
_aجبرين، علي _eمؤلف |
||
| 245 | 0 |
_aأساسيات البحث العلمي وكتابة التقارير العلمية والعملية / _c علي جبرين |
|
| 260 |
_aعمان: _bدار الحامد, _c2001 |
||
| 300 |
_a285 صفحة؛ _bإيضاحات ؛ _c24 سم |
||
| 520 | _aالفكر والبحث،التعريف بنظام المكتبة والخدمات المكتبية،طرق ومناهج البحث العلمي، مراحل إعداد البحث، المجتمع الاحصائي، أنواع وخصائص التقارير العلمية والعملية، إختبارات الفرضيات، متطلبات كتابة التقارير والبحوث العلمية | ||
| 653 | _aالتقارير العلمية | ||
| 653 | _aطرق البحث | ||
| 653 | _aكتابة التقارير | ||
| 700 |
_aالغدير، حمد _eمؤلف ثانوي |
||
| 942 | _cكتاب | ||
| 999 |
_c42497 _d42497 |
||